Регионална библиотека "Любен Каравелов" - Русе

Персефона (Запис номер 299083)

MARC детайли
000 -Лидер
Контролно поле с фиксирана дължина 01550ncm a2200373 c 4500
003 - Код на организацията, давaща контролен номер
Контролно поле BLK
005 - Дата и час на последна редакция
Контролно поле 20240820110355.0
008 - Елементи от данни с фиксирана дължина
fixed length control field 180414b bul |a|er|||| |0| c|bulo|
010 ## - Наследен системен номер
LC control number NOT00000941000
040 ## - Източник на каталожния запис
Идентификатор на билиотеката - собственик на записа BLK
041 ## - Код за език
Код за езика на текст/звукозапис или на отделно заглавие Руски
Код за езика КДБФ Руски
Други езици Френски
080 ## - УДК
Текстов определител УДК Балет, пантомима. Вж и 78.085.5; 793.32
УДК код - определител по УДК 782.91
УДК определител
УДК - код + определител 782.91
080 ## - УДК
Текстов определител УДК Опера - други видове. Мюзикъл. Детска оперета. Муз. приказка
УДК код - определител по УДК 782.9
УДК определител
УДК - код + определител 782.9
100 1# - Редна дума - Автор
Автор Стравински, Игор Федорович
R(LIN) 126370
139 ## - Редно поле
Редна дума Стравински, Игор
Авторски знак Стр - С 84
245 10 - Сведения за заглавието
Заглавие Персефона
Подзаглавни данни Балет : Мелодрама в трех частях
Редно поле (дума) Игор Федорович Стравински; слова Андре Жид; прил. клавира Святослав Стравински.
254 ## - Сведения за формата на нотното издание
Формат на описваните ноти Клавир
257 ## - Страна на издаване
Страна на създаване/издаване Русия
260 ## - Област на издателските данни
-- Москва
Име на издателя, разпространителя и проч. Музика 10228
Година на издаване 1979
300 ## - Физическа характеристика
Страници 100 с.
Размери/Мащаб 29 см
380 ## - Жанр
Жанр Изкуство
500 ## - Общи забележки
Забележка В АРХИВ ХОР РОДИНА има наличен 1 бр. неинвентиран.
650 #4 - Допълнително описание по предмет – тема
Основно описание – тема или топоним Балет
9 (RLIN) 147951
653 ## - Ключова дума – ненормативна
Ключова дума балет
653 ## - Ключова дума – ненормативна
Ключова дума Опера
700 1# - Други автори (авторска отговорност)
Лично име Жид, Андре
Автороска отговорност (Описва отношението между автора и произведението) слова
9 (RLIN) 371324
700 1# - Други автори (авторска отговорност)
Лично име Стравински, Святослав
Автороска отговорност (Описва отношението между автора и произведението) прил. клавира
9 (RLIN) 361900
852 ## - Местоположение
Форматна сигнатура ЦБ М ІІ 11399
Част 0
856 4# - Електронен адрес и достъп
Електронен формат pdf - файл
Път до файла /url/
856 4# - Електронен адрес и достъп
Електронен формат pdf - файл
Път до файла /url/
942 ## - АРТИКУЛИ
Вид на библиотечния материал Нотни издания
Скрит в OPAC Не
944 ## - СЪЗДАВАНЕ И РЕДАКЦИЯ на ЗАПИСА
Създаване/Редакция Създаване
Дата на регистрацията/редакция 15.06.2005
Служител, извършил регистрацията/редакцията 30560
Статус, дата на статуса Геновева Генчева
944 ## - СЪЗДАВАНЕ И РЕДАКЦИЯ на ЗАПИСА
Създаване/Редакция Редакция
Дата на регистрацията/редакция 15.06.2005
Служител, извършил регистрацията/редакцията
999 ## - СИСТЕМНИ КОНТРОЛНИ НОМЕРА
Koha biblionumber 299083
Koha biblioitemnumber 299083
Наличности
Код за отписване Код за изгубен артикул Източник на класификационната схема Код за повреда Коз за рестрикции Код за отдаване Артикулен № Име на библиотеката - собственик Име на библиотеката, в която се намира в момента Статус (Текущо местоположение) Дата на вписване в системата Местоположение - отдел Цена в лева Инвентарен номер Систематично азбучна сигнатура Баркод Номер на екземпляра Цена в евро Служебна бележка Служебен тип на артикула
  Не е изгубен Universal Decimal Classification Не е повреден само за читалня ползва се в читалня 650176 Регионална библиотека "Любен Каравелов" Русе Регионална библиотека "Любен Каравелов" Русе Хранилище 2001-08-20 Основен фонд - ползва се само за читалня 5.00 2671/01 ЦБ М II 11399 900000023448 1 2.56 Дост: DA Вид: А N: 82 Дата: 20.08.2001 Нотни издания
  Не е изгубен Universal Decimal Classification Не е повреден само за читалня ползва се в читалня 650177 Регионална библиотека "Любен Каравелов" Русе Регионална библиотека "Любен Каравелов" Русе Хранилище 2001-08-20 Основен фонд - ползва се само за читалня 5.00 2672/01 Цб М II 11399 900000023447 2 2.56 Дост: DA Вид: А N: 82 Дата: 20.08.2001 Нотни издания
Vip Innovations Ltd, Rousse, Bulgaria 2025